[Event "Mario Covas 1st"]
[Site "Santos"]
[Date "2001.01.17"]
[Round "8"]
[White "Matsuura, Everaldo"]
[Black "Milos, Gilberto"]
[Result "0-1"]
[WhiteElo "2452"]
[BlackElo "2608"]
[Annotator "Rogozenco,D"]
[PlyCount "84"]
[EventDate "2001.01.29"]
[EventType "tourn"]
[EventRounds "11"]
[EventCountry "BRA"]
[EventCategory "8"]
[SourceTitle "CBM 082"]
[Source "ChessBase"]
[SourceDate "2001.05.17"]
[SourceVersion "1"]
[SourceVersionDate "2001.05.17"]
[SourceQuality "1"]

1. e4 c5 2. c3 Nf6 3. e5 Nd5 4. d4 cxd4 5. Nf3 e6 6. cxd4 d6 7. Bc4 Nc6 8. O-O
Be7 9. Qe2 (9. a3 O-O 10. Re1 Qc7 11. Bd3 dxe5 12. dxe5 Rd8 13. Qe2 g6 (13...
Na5 $5) 14. Bd2 $1 b6 15. Nc3 Nxc3 16. Bxc3 Bb7 17. h4 $36 {1-0 Kharlov,
A-Gallagher,J/Calcutta 2001/ (32)}) (9. exd6 Qxd6 10. Nc3 O-O {is another line.
The position looks quite close to the game position after move 13.}) 9... O-O
10. Rd1 ({Same opponents played this variation 2 years ago, and although White
won the game, Black equalized after the opening:} 10. Nc3 Nxc3 11. bxc3 dxe5
12. dxe5 Qc7 (12... Qa5 {played later by Milos, might be even stronger.}) 13.
Bd3 Rd8 14. Qe4 g6 15. Bh6 b6 16. Rad1 Bb7 17. Qf4 Rd7 18. Rfe1 Rad8 $11 {
1-0 Matsuura,E-Milos,G/Americana 1999/ (35)}) 10... Nb6 11. exd6 $146 {A
novelty. Only 11.Bb3 was played before, after which White has a slight
advantage.} (11. Bb3 d5 12. Nc3 Bd7 13. Bf4 Rc8 14. Rac1 $11 {/+/=.}) 11...
Qxd6 12. Bb3 Nd5 (12... Bd7 13. Nc3 {/\d5.}) 13. Nc3 Rd8 (13... Bd7 14. Qe4 $5
Nf6 15. Qh4 Nd5 16. Qh3 $13) 14. Ng5 h6 15. Nge4 Qc7 16. Qh5 Nxc3 17. bxc3 Qa5
18. d5 $5 exd5 19. Bxh6 $1 {A logical continuation. Black cannot accept the
sac, cause all his pieces are away from the King.} (19. Bxd5 $5 Be6 20. c4 Nb4
21. Bd2 Bxd5 22. Bc3 $1 {leads to sharp play as well.}) 19... g6 (19... gxh6 $2
20. Rd3 {gives White an winning attack.} (20. Bxd5 Be6 $1) 20... Kg7 {The best
defence.} (20... Be6 21. Qxh6 Ne5 22. Rg3+ $18) (20... dxe4 21. Qg6+ $18) (
20... Kf8 21. Bxd5 Rxd5 22. Rxd5 $18) (20... Bf8 21. Rg3+ Bg7 22. Qxh6 $18) 21.
Rg3+ (21. Re1 Be6 22. Rg3+ Kf8 23. Qxh6+ Ke8 24. Ng5 Bxg5 25. Rxe6+ Kd7 (25...
fxe6 26. Qxe6+ Ne7 27. Rxg5 $18) 26. Rd6+ Kc7 $17) (21. Bxd5 Rxd5 (21... Be6 $2
22. Rg3+ $18) 22. Rxd5 Qc7 $17) 21... Kf8 22. Qxh6+ Ke8 23. Rg8+ $1 (23. Nf6+
Bxf6 24. Qxf6 Be6 {[%cal Re8d7]}) 23... Kd7 24. Rxd8+ {and Black is still
under are very strong attack.} Kxd8 25. Rd1 Be6 $140 $2 26. c4 $1 $18 (26. Qh8+
Kc7 27. Qxa8 dxe4 28. Bxe6 fxe6 $17) 26... d4 27. Qh8+ Kc7 28. Qxa8 $18) 20.
Qf3 Bf5 $1 (20... Kh7 21. Bg5 $16) (20... dxe4 $4 21. Qxf7+) 21. Ng3 (21. Ng5
$2 Ne5 {[%cal Re5g4]} 22. Qe2 Bf6 $17) 21... Be6 22. Re1 Kh7 23. Bd2 Kg7 {
Both sides played well and most certainly it took them time and energy. The
position is balanced and although White is still a bit more active, Black
could be content as well - there is no attack any longer and everything is
well defended.} 24. Qf4 {This is an inaccuracy. Before starting concrete
actions again, he should have developed the Rook first, defending the Bishop
on d2 as well (which is important, as we will see).} (24. Rad1 $13 {/\ 25.Qf4
Rh8 26.c4}) 24... Rh8 $1 25. c4 $2 ({now after} 25. Rad1 {Black has} Rh4 {
although this was better than the game.}) 25... Bb4 {d2 is hanging now, so no
time for 26.cxd5.} 26. Bxb4 Qxb4 {The concrete actions turned out te be in
Black's favour.} 27. Rab1 dxc4 28. Ba4 Qe7 29. Bxc6 bxc6 $17 30. Ne4 (30. Qxc4
Bxc4 31. Rxe7 Bxa2 32. Ra1 Kf6 33. Rc7 Bd5 34. Raxa7 Rxa7 35. Rxa7 Rb8 $17)
30... Bd5 31. Rb7 Rh4 ({no point to accept the sac immediately:} 31... Qxb7 32.
Qe5+ Kh6 33. Qf4+ Kh7 34. Nf6+ Kg7 35. Qd4 {and the following variation is
possible, leading to perpetual:} Be6 36. Ne8+ Kf8 37. Qxh8+ Ke7 38. Qf6+ Kxe8
39. Rxe6+ fxe6 40. Qh8+ Kd7 41. Qg7+ Kc8 42. Qh8+ Kc7 43. Qe5+ Kb6 44. Qb2+ Ka6
45. Qa3+ $11) 32. Qg3 Qxb7 33. Qxh4 (33. Qe5+ Kg8 34. Nf6+ Kf8 35. Qd6+ Kg7 36.
Qe5 Be6 $19) 33... Re8 $19 34. Qf6+ Kg8 35. f3 Qb6+ 36. Kf1 Bxe4 37. fxe4 Qc5
38. Qc3 Rd8 39. Rc1 Qg5 40. Rb1 Qf4+ 41. Qf3 Qd2 42. Qe2 c3 0-1

[Event "Goodricke op 12th"]
[Site "Kolkata"]
[Date "2001.02.10"]
[Round "5"]
[White "Kharlov, Andrei"]
[Black "Gokhale, Jayant Suresh"]
[Result "1-0"]
[WhiteElo "2639"]
[BlackElo "2322"]
[Annotator "Rogozenco,D"]
[PlyCount "64"]
[EventDate "2001.02.06"]
[EventType "swiss"]
[EventRounds "11"]
[EventCountry "IND"]
[SourceTitle "CBM 082"]
[Source "ChessBase"]
[SourceDate "2001.05.17"]
[SourceVersion "1"]
[SourceVersionDate "2001.05.17"]
[SourceQuality "1"]

1. e4 c5 2. Nf3 e6 3. c3 d5 4. exd5 exd5 (4... Qxd5 {leads to different type
of position, with an isolated pawn for White.}) 5. d4 c4 {An important
decision. Black does not want to have an isolated pawn on d5, but with his
next answer White will underline the drawbacks of the 5. ... c4.} 6. b3 {
Forcing Black to take on b3 immediately is the best move.} cxb3 (6... b5 $2 7.
a4 $16) 7. axb3 {[%cal Ra1a7]} Bd6 8. Bd3 $14 {White is slightly better thanks
to the pawn structure. His rook on a1 is already developed, the other rook
will be perfect placed on e1. Also the pawn on d5 may become weak in the
future.} Ne7 9. O-O O-O (9... Bg4 10. Re1 Nbc6 11. Nbd2 Qd7 12. Qc2 Rc8 13. Qb1
h6 14. b4 $14 {1-0 Dolmatov,S-Lautier,J/Dortmund 1993/ (34)}) 10. Re1 Nbc6 11.
Nbd2 Bf5 (11... Bg4 $2 12. Bxh7+ Kxh7 13. Ng5+ $18) (11... Ng6 $5 12. Nf1 $14)
12. Nf1 {As usual in these positions (and in many other 2.c3 Sicilian), White
prepares an attack on the kingside.} Rc8 13. Ne3 Bg6 14. Nh4 Qd7 $6 {Black
thinks that Nxg6 hxg6 will improve his pawn structure. Probably a wrong
decision. The alternative to take on d3 had its drawbacks too (first of all
because White would have had control over f5 square), but at least after 14. ..
. Bxd3 the advance h2-h4-h5 would have been less dangerous than in the game.} (
14... Bxd3 15. Qxd3 Na5 {starting a counterplay on the queenside was better.})
15. Nxg6 hxg6 16. g3 {[%cal Rg1g2,Rh2h5,Ge1h1]} (16. h4 $5) 16... Rfe8 17. Bd2
a6 18. Qf3 $16 {Two bishops, a clear plan and no counterplay for Black make
White's position with a big positional advantage.} Bc7 19. h4 Ba5 {Threatening
Nxd4, but in fact only helps White, cause b4 is not a weakness.} 20. b4 Bb6 21.
h5 Rf8 22. h6 $1 {Very strong. It opens the f-file and also it weakens square
h6.} gxh6 (22... f5 $142 $16) 23. Ng4 f5 24. Nxh6+ Kg7 25. Kg2 Rh8 26. Rh1 Rcf8
27. Rae1 Bc7 28. Bg5 Bd6 29. Qe3 $18 {White has no direct threats yet, but the
position is winning. At one point will follow either Qe6, or g3-g4, or even
b4-b5, after which it will be impossible to protect all weaknesses.} Qc7 30. f4
(30. Qe6 Nd8 31. Qxe7+ Bxe7 32. Rxe7+ Qxe7 33. Bxe7 Re8 34. Bg5 Ne6 35. Bd2 $18
) 30... Nc8 31. Qe6 (31. Nxf5+ gxf5 32. Qe6 $18 {The computer evaluates it
very quick as absolutely winning for White. The text move is a more "human"
one and wins as well.}) 31... N6e7 (31... Nd8 32. Qxd5 $18 (32. Nxf5+ Rxf5 (
32... gxf5 33. Bh6+ Rxh6 34. Qxh6+ Kg8 35. Qh8+ Kf7 36. Qh7+ Kf6 37. Rh6#) 33.
Bxd8 Qxd8 34. Rxh8 Qxh8 35. Bxf5 gxf5 36. Qxd5 $18)) 32. Nf7 $1 Rxf7 (32...
Rxf7 33. Rxh8 $18) (32... Rxh1 33. Qf6+ Kg8 34. Rxh1 {and mate next.}) 1-0

[Event "FRA Cup final"]
[Site "Paris"]
[Date "2005.06.26"]
[Round "1"]
[White "Bergez, Luc"]
[Black "Vachier Lagrave, Maxime"]
[Result "1-0"]
[WhiteElo "2327"]
[BlackElo "2525"]
[Annotator "Rogozenco,D"]
[PlyCount "45"]
[EventDate "2005.06.26"]
[EventType "match"]
[EventRounds "1"]
[EventCountry "FRA"]
[SourceTitle "CBM 108"]
[Source "ChessBase"]
[SourceDate "2005.09.26"]
[SourceVersion "1"]
[SourceVersionDate "2005.09.26"]
[SourceQuality "1"]

1. e4 c5 2. Nf3 Nc6 3. c3 Nf6 4. e5 Nd5 5. d4 cxd4 6. cxd4 d6 7. Bc4 dxe5 $5 ({
The main continuation is} 7... Nb6) 8. Nxe5 e6 9. O-O Be7 10. Re1 O-O 11. Nc3 {
There is a similar theoretical position with the difference that the knight is
on f3 instead of e5. White's chances are slightly preferable in that case. I
think the extra tempo used for the move Nf3-e5 favours rather Black, who can
swap both pairs of knights, like in the present game.} Nxe5 12. dxe5 (12. Bxd5
exd5 13. Rxe5 (13. dxe5 d4 $132) 13... Be6 $11) (12. Rxe5 $5 $13) 12... Nxc3
13. bxc3 Qc7 ({Black could achieve equality in the endgame:} 13... Qxd1 14.
Rxd1 Rd8 15. Rxd8+ (15. Be3 Bd7 $11) 15... Bxd8 16. Be3 Bd7 17. Rd1 Be8 $1 $11
(17... Bc6 $2 18. Bxa7 b6 19. Rd6 $16) 18. Be2 (18. Bxa7 $140 $2 b6 $17 {
[%csl Ra7][%cal Gd8c7]}) 18... Bb6 (18... Bc7 19. f4 Bc6 $11) 19. Bxb6 axb6 $11
) (13... Bd7 $6 14. Qg4 $36) 14. Qg4 Rd8 $2 {This is already a mistake, after
which White will build a decisive attack on the kingside.} ({Correct was} 14...
f5 15. exf6 Bxf6 {and Black must be able to equalize:} 16. Bxe6+ Bxe6 17. Qxe6+
Qf7 $5 $44 {/=}) 15. Bh6 $16 g6 ({White also has a very strong attack after} 
15... Bf8 16. Re3) 16. h4 $1 Bd7 ({Black should have tried something like} 
16... b5 17. Bxb5 (17. Bb3 $5 Qxc3 18. Rac1 $44) 17... Rd5 $16) 17. h5 Be8 18.
hxg6 hxg6 19. Re3 {The plan is Rae1, Rh3 and then Bg5. Black seems to be
helpless against it.} Rdc8 (19... Rac8 20. Bb3 Qa5 21. Bxe6 $1 fxe6 22. Qxe6+
Bf7 23. Qxe7 $18) 20. Bb3 $18 Bc5 21. Rae1 $1 Bxe3 22. Rxe3 {Bg5-f6 is coming,
followed by a mate on h8.} Qa5 (22... Qe7 23. Bg5 f6 24. Bxf6 $18) 23. Qh4 (23.
Qh4 Rxc3 24. Qf6 Rc1+ 25. Kh2 $18) 1-0

[Event "Kiev Trudova Ukraina"]
[Site "Kiev"]
[Date "2001.01.21"]
[Round "3"]
[White "Eschenko, Vadim"]
[Black "Malakhatko, Vadim"]
[Result "1/2-1/2"]
[WhiteElo "2443"]
[BlackElo "2513"]
[Annotator "Rogozenco,D"]
[PlyCount "54"]
[EventDate "2001.01.19"]
[EventType "tourn"]
[EventRounds "10"]
[EventCountry "UKR"]
[EventCategory "11"]
[SourceTitle "CBM 082"]
[Source "ChessBase"]
[SourceDate "2001.05.17"]
[SourceVersion "1"]
[SourceVersionDate "2001.05.17"]
[SourceQuality "1"]

1. e4 c5 2. c3 Nf6 3. e5 Nd5 4. d4 cxd4 5. Nf3 Nc6 6. Bc4 Nb6 7. Bb3 d6 8. exd6
Qxd6 9. Na3 dxc3 10. Qe2 (10. Qxd6 exd6 11. Nb5 Rb8 12. bxc3 {is another
drawish line.} Be7 13. Bf4 O-O 14. O-O Be6 15. Bxe6 fxe6 16. Bxd6 {1/2-1/2
Vajda,L-Cosma,I/Baile Tusnad ROM(ch) 2001}) 10... Bf5 (10... a6) 11. Nb5 Qd7
12. Ne5 Nxe5 13. Qxe5 Rc8 (13... f6 14. Nc7+ Kd8 15. Ne6+ Bxe6 16. Qxe6 Qxe6+
17. Bxe6 $44) 14. O-O Nc4 15. Bxc4 Rxc4 16. Nxc3 e6 {White is a pawn down, but
he's got development advantage, which is probably enough to keep the balance.
Black has no problems at all, but I am not sure he can achieve more than a
drawish endgame. On the other hand playing like this with White means in
general playing for a draw.} 17. Re1 Rc5 18. Qg3 Bg6 (18... f6 19. Bf4 Kf7 20.
Rad1 Qc6 21. Bd6 Rc4 22. h3 e5 23. Bxf8 Rxf8 24. Qe3 a6 25. Rd2 $44 {1/2-1/2
Vajda,L-Rogozenko,D/Bucharest 2000/ (56)}) 19. Bf4 Be7 20. Rad1 Qc6 21. Be3 Rc4
22. Qb8+ Qc8 23. Qxc8+ Rxc8 24. Bxa7 O-O {Striktly speaking, it's a novelty,
although it doesn't change the evaluation at all - equal endgame.} (24... h5
25. h3 h4 26. Bd4 O-O 27. Nd5 Bd8 28. Nb6 Rc2 29. Nd7 Re8 30. Bc3 {1/2-1/2
Vajda,L-Rogozenko,D/Iasi 1999/ (30)}) 25. Rd7 Bf6 26. Rxb7 Bxc3 27. bxc3 Rxc3
1/2-1/2

[Event "EU-ch 6th"]
[Site "Warsaw"]
[Date "2005.06.30"]
[Round "12"]
[White "Pavasovic, Dusko"]
[Black "Del Rio de Angelis, Salvador Gabriel"]
[Result "0-1"]
[WhiteElo "2593"]
[BlackElo "2495"]
[Annotator "Rogozenco,D"]
[PlyCount "134"]
[EventDate "2005.06.18"]
[EventType "swiss"]
[EventRounds "13"]
[EventCountry "POL"]
[SourceTitle "CBM 108"]
[Source "ChessBase"]
[SourceDate "2005.09.26"]
[SourceVersion "1"]
[SourceVersionDate "2005.09.26"]
[SourceQuality "1"]

1. e4 c5 2. c3 g6 3. d4 cxd4 4. cxd4 d5 5. Nc3 (5. exd5 Nf6 6. Nc3 {transposes
into Panov Attack of the Caro-Kann}) (5. e5 {is another option for White}) 5...
dxe4 6. Bc4 Nf6 $1 (6... Bg7 7. Qb3 e6 8. d5 $36) 7. Qb3 e6 8. d5 (8. Nge2 Nc6
(8... Bg7) 9. d5 exd5 10. Nxd5 Nxd5 (10... Bg7 11. Bg5 $36) 11. Bxd5 Qe7 12.
Qc3 Ne5 13. Bxe4 Bg7 14. f4 f5 15. fxe5 fxe4 16. O-O Qxe5 17. Qa3 $44 {1-0
Loeffler,S (2405)-Casagrande,H (2370)/Austria 1999 (40)}) 8... Qb6 $5 {A
novelty. White could achieve some initiative after other moves.} (8... exd5) (
8... Na6) (8... Bg7) 9. Bb5+ ({Black has no problems after} 9. Qxb6 axb6) ({or
} 9. dxe6 Bxe6 10. Bxe6 fxe6 11. Qxb6 axb6 12. Nh3 Nbd7 13. Ng5 Nc5 14. Be3 $44
{/=}) 9... Bd7 10. Be3 (10. dxe6 fxe6 11. Be3 (11. Bg5 Nd5 12. Bxd7+ Nxd7 13.
Nxd5 exd5 14. Qxd5 Nc5 $13) 11... Bc5 {transposes to the game}) 10... Bc5 11.
Bxc5 Qxc5 12. dxe6 fxe6 13. Qxe6+ {In spite of attractivness of White's
position, the first player has no advantage. Moreover, Black can easier
complete development and make better use of open files.} Qe7 14. Qb3 ({Black
is slightly better after} 14. Qxe7+ Kxe7 15. Nge2 Bxb5 16. Nxb5 Nc6 17. Nbc3) (
{White could equalize with} 14. Qc4 $1 Bxb5 (14... a6 $2 15. Qc8+ $1) (14...
Nc6 15. Bxc6 Bxc6 16. Nge2 $11) 15. Qxb5+ Nc6 16. Nge2 O-O 17. O-O $11) 14...
a6 $1 15. Bxd7+ {Something went wrong for White - in the resulting positions
Black has better prospects.} (15. Bc4 Nc6 $15 {[%cal Gc6a5]} 16. Qxb7 Rb8 $17)
15... Nbxd7 16. O-O-O {Other moves would have offered Black a clear advantage
as well.} (16. Qxb7 Rb8 (16... O-O $44) 17. Qxa6 Nc5 18. Qc6+ Kf7 $36) (16.
Nge2 Nc5 $17) 16... Nc5 17. Qc2 (17. Qc4 b5 $17) 17... O-O 18. f3 Rac8 $17 19.
Kb1 b5 20. Nh3 exf3 21. gxf3 Qe3 (21... b4 22. Rhe1 (22. Ne4 Ncxe4 23. Qb3+ Kh8
24. fxe4 Qxe4+ 25. Ka1 Qc4 $17) 22... Qb7 23. Ne4 Ncxe4 24. Qb3+ Kh8 25. fxe4
Nxe4 $17) 22. Qg2 Nd3 23. Qd2 (23. Qe2 Qxe2 24. Nxe2 Ne5 $17) 23... Qxd2 24.
Rxd2 Ne5 25. f4 Nc4 26. Rd4 Rfe8 27. f5 {Black has advantage thanks to the
better structure and more active pieces. It is difficult for White to
consolidate, therefore the Slovenian GM sacrifices the pawn in order to bring
his knight into play. However, now Black will have activity and extra pawn,
which is basically close to winning.} (27. Rg1 b4 28. Na4 Re2 29. Rc1 Ne4 30.
Ka1 Ned6 $17) (27. Ng5 Re3 (27... h6 28. Nf3 Re3 29. Ne5 Nxe5 30. fxe5 Rxe5 31.
Rd6 $132) 28. Rhd1 h6 29. Nge4 Nxe4 30. Nxe4 Re2 $17) 27... gxf5 28. Rg1+ Kf8
29. Nf4 (29. Rf4 Re5 $17) 29... Kf7 30. b3 Ne5 31. Rg3 Ng6 32. Ncd5 Nxd5 33.
Rxd5 Re1+ 34. Kb2 Ne7 35. Rd7 Rc6 36. Ra7 b4 37. a3 Rec1 38. Rg2 bxa3+ 39. Kxa3
Rc7 40. Rxa6 Ra1+ 41. Ra2 Rxa2+ 42. Kxa2 Rc2+ 43. Kb1 Rxh2 44. b4 Rh4 45. Nd3
Nd5 46. Ra7+ (46. b5 Nc3+ 47. Kc2 Nxb5 $19) ({White could keep chances for a
draw with} 46. Ra5 $1 {For instance:} Nxb4 (46... Ke6 47. b5 {with some
counterplay}) 47. Rxf5+ Kg6 48. Rf3 Nxd3 49. Rxd3 Rc4 50. Rg3+ Kh5 (50... Kf5
51. Rh3 Rc7 52. Rh1 $11) 51. Rh3+ Rh4 52. Rg3 Rg4 53. Rh3+ Kg6 54. Kc2 $11)
46... Kf6 47. Kc2 Nxb4+ 48. Nxb4 Rxb4 49. Rxh7 Rd4 $19 50. Rh1 (50. Kc3 Rd8 51.
Rh1 (51. Rh2 f4 52. Rd2 Re8 53. Kd3 Kf5 54. Re2 Rd8+ $19) 51... f4 $19) 50...
Rd7 51. Rf1 Kg5 52. Rg1+ Kh4 53. Rf1 Kg4 54. Rg1+ Kh3 55. Rf1 Rd5 56. Kc3 Kg2
57. Kc4 Re5 58. Rb1 f4 59. Kd3 Re7 60. Rb2+ Kg3 61. Rb8 f3 62. Rg8+ Kf2 63. Kd2
Rd7+ 64. Kc2 Ke2 65. Re8+ Kf1 66. Rf8 f2 67. Rf6 Kg2 0-1

[Event "Goodricke op 12th"]
[Site "Kolkata"]
[Date "2001.02.14"]
[Round "9"]
[White "Kharlov, Andrei"]
[Black "Gallagher, Joseph G"]
[Result "1-0"]
[WhiteElo "2639"]
[BlackElo "2519"]
[Annotator "Rogozenco,D"]
[PlyCount "64"]
[EventDate "2001.02.06"]
[EventType "swiss"]
[EventRounds "11"]
[EventCountry "IND"]
[SourceTitle "CBM 082"]
[Source "ChessBase"]
[SourceDate "2001.05.17"]
[SourceVersion "1"]
[SourceVersionDate "2001.05.17"]
[SourceQuality "1"]

{[%mdl 4]} 1. e4 c5 2. c3 Nf6 3. e5 Nd5 4. d4 cxd4 5. cxd4 d6 6. Nf3 Nc6 7. Bc4
e6 (7... Nb6 {is the main alternative. After 7. ... e6 the position is more
complicated.}) 8. O-O Be7 9. a3 {In my opinion this move is not worse than the
other options. The present game is a good example of playing this line with
White. The idea behind 9.a3 is obvious - to secure square d3 (also c2 of
course) for the Bishop and start an attack on the kingside, after switching
the Bishop to b1-h7 diagonal} (9. Qe2 {is considered the main line.} O-O 10.
Nc3 ({another option is} 10. Qe4 {with the idea Bd3, Bh6, Nbd2.}) 10... Nxc3
11. bxc3 dxe5 12. dxe5 Qc7 ({A safe way seems to be} 12... Qa5 $5) 13. Bd3 Rd8
14. Qe4 g6 15. Bh6 b6 16. Rad1 Bb7 17. Qf4 Rd7 $11 {1-0 Matsuura,E-Milos,G/
Americana 1999/ (35)}) 9... O-O 10. Re1 Qc7 11. Bd3 {As usual in the 7. ... e6
line, the Bishop switches to the b1-h7 diagonal and White starts to play for a
direct attack against black King.} dxe5 12. dxe5 Rd8 13. Qe2 g6 (13... h6 14.
Nc3 (14. Bd2 $5 {/\Nc3, Qe4->.}) (14. Qe4 $5 f5 15. exf6 Nxf6 16. Qc4 $14)
14... Nxc3 15. bxc3 Bf8 16. Qe4 g6 17. Bf4 $14 {1/2-1/2 Chandler,M-Stuart,P/
Upper Hutt 1976/ (30)}) (13... Na5 {[%csl Rb3] An important move, which if
works concrete, is probably the best, causing some development problems in
White's position,} 14. Bg5 (14. Ra2 $5 Nb3 $140 $2 15. Bxh7+ Kxh7 16. Qd3+ Kg8
17. Qxb3) 14... Bxg5 15. Bxh7+ Kxh7 (15... Kf8 $5 16. Nxg5 Nb3 $13 17. Ra2 $140
Nc1) 16. Nxg5+ Kg8 17. Qh5 Nb3 18. Qh7+ Kf8 19. Qh8+ Ke7 20. Qxg7 Rf8 21. Nc3
Nxc3 22. bxc3 Nxa1 23. Nh7 Bd7 (23... Rd8 24. Ng5 (24. Qf6+ Ke8 25. Qh8+ Kd7
26. Rd1+ Kc6 $13) 24... Rf8 $11) 24. Qg5+ Ke8 25. Nf6+ $2 (25. Rd1 $1 $18)
25... Kd8 26. Rd1 Kc8 27. Rxd7 Qxc3 $19 {0-1 Remizov,J-Dochev,D/Decin 1998 (43)
}) 14. Bd2 $1 {Now White has an easy play. He plays Nc3 next and then
continues his kingside attack.} ({Of course White would like to trade
dark-squared Bishops (to eliminate the most important defencive piece), but
here it simply does not work:} 14. Bg5 $2 Bxg5 15. Nxg5 Nf4 $19) 14... b6 15.
Nc3 Nxc3 16. Bxc3 Bb7 17. h4 $40 {Another typical plan. Black cannot create a
quick counterplay, so there is enough time to weaken King's position by
pushing the h-pawn.} Rd7 (17... h5 {is not satisfactory. White keeps his
pressure, while Black's kingside is weak anyway.} 18. Be4 Rd7 19. Rac1 Bf8 $140
20. Bb4 $5 (20. b4 $36)) 18. h5 (18. Rac1 $5 Rad8 19. Bb5 $36) 18... Rad8 19.
Bb5 Qc8 20. Qe3 {Unfortunately for Black there are no available squares on the
d-file for his Rooks to penetrate in White's camp.} a6 21. Bf1 Bc5 22. Qf4 Ne7
23. hxg6 hxg6 24. Ng5 {both sides made "their" moves, but suddenly Black has
to be extremely careful, mostly due to the fact that his Queen is away from
the kingside.} Nf5 (24... Nd5 25. Qh4 Nxc3 26. bxc3 {Black's position is
difficult because there's no piece to defend the King and he cannot create
counterplay. For example:} Qc7 27. Qh6 Rd2 (27... b5 28. Nh7 Be7 29. Nf6+ Bxf6
30. exf6 {and mate next.}) 28. Qh7+ Kf8 29. Nxe6+ $18) 25. g4 Nh6 $2 (25... Qc6
{Black must play very exact in order to keep the position balanced. His
defence is based on tactical aspects of the position.} 26. Ne4 (26. Re4 Ng3 $3
{[%mdl 64] such a move is impossible to find for a human, especially over the
board.} 27. Qxg3 Be7 $1 {exchanging the most active piece Black solves the
problems and is probably no worse.}) 26... Nh4 27. Qg3 g5 {The position is
very sharp and Black's chances must not be underestimated.} {If} 28. Rac1 {then
} Qxe4 $1 29. Rxe4 Bxe4 {and Black has a strong initiative.}) 26. Bg2 $1 {
After all, everything resumes in exchanging the right pieces. The most
dangerous Bishop on b7 is traded and White gets the possibility to take the
h-file with the Rooks, which is decisive.} Rd3 27. Ne4 $1 {Very strong. White
Bishop on e4 will be a very important piece - an attacking and defending one
at the same time.} Bxe4 (27... Kg7 28. Qf6+ Kg8 29. Qh4 Kg7 30. Nd6 $18) 28.
Bxe4 $18 {[%csl Rh6]} Rh3 29. Rad1 Rh4 30. Bf3 Be7 31. Kg2 Rxd1 32. Rxd1 Qc7 {
Probably a bit early to resign, maybe Black lost on time. But in principle he
is lost anyway.} (32... Qc7 33. Rd6 $1 $18 g5 34. Qd2 {Black's position is
hopeless:} Nxg4 35. Rd7 Qc5 36. Bd4 Rh2+ 37. Kg3 Qc8 38. Rxe7 $18) 1-0